banner koha

Regimento Interno e Normas de funcionamento do Laboratório de Quarentena "Costa Lima" para o intercâmbio internacional de agentes de controle biológico (Registro n. 293784)

MARC details
000 -LÍDER
campo de controle de tamanho fixo 01128nac a22003377a 4500
001 - NÚMERO DE CONTROLE
campo de controle BR0404077
003 - IDENTIFICADOR DO NÚMERO DE CONTROLE
campo de controle BR-BrBNA
005 - DATA E HORÁRIO DA ÚLTIMA TRANSAÇÃO
campo de controle 20240105123040.0
008 - CAMPO DE DADOS FIXOS--INFORMAÇÃO GERAL
campo de controle de tamanho fixo 230509b bl.|||m| |||| 00| 0 por d
040 ## - FONTE DA CATALOGAÇÃO
Instituição da catalogação original BR-BrBNA
Idioma da catalogação por
Instituição que transcreveu o registro Biblioteca Nacional de Agricultura
072 ## - CÓDIGO DE CATEGORIA DE ASSUNTO
Código de Categoria de Assunto D50; H10; H20
090 ## - NÚMERO DE CHAMADA LOCAL
Número de chamada 4010 BR0404077
100 1# - ENTRADA PRINCIPAL--NOME PESSOAL
Nome pessoal Sá, L.A.N.
100 1# - ENTRADA PRINCIPAL--NOME PESSOAL
Nome pessoal Lucchini, F.
100 1# - ENTRADA PRINCIPAL--NOME PESSOAL
Nome pessoal Tambasco, F.J.
100 1# - ENTRADA PRINCIPAL--NOME PESSOAL
Nome pessoal De Nardo, E.A.B.
100 1# - ENTRADA PRINCIPAL--NOME PESSOAL
Nome pessoal Moraes, G.J. de
110 1# - ENTRADA PRINCIPAL--NOME CORPORATIVO
Nome corporativo ou nome da jurisdição EMBRAPA Meio Ambiente, Jaguariúna, SP (Brasil)
245 1# - TÍTULO
Título Regimento Interno e Normas de funcionamento do Laboratório de Quarentena "Costa Lima" para o intercâmbio internacional de agentes de controle biológico
260 3# - PUBLICAÇÃO, DISTRIBUIÇÃO, ETC.
Local de publicação, distribuição, etc. Jaguariúna, SP (Brasil):
Data da publicação, distribuição, etc. 2000.
300 ## - DESCRIÇÃO FÍSICA
Extensão 44 p.
490 ## - TÍTULO DA SÉRIE
Título da série Documentos - EMBRAPA Meio Ambiente (Brazil)
Número do volume ou designação sequencial da série no. 22
ISSN - International Standard Serial Number ISSN 1516-4691
650 ## - ASSUNTO--TERMO TÓPICO
Cabeçalho tópico ou nome geográfico LABORATÓRIO
650 ## - ASSUNTO--TERMO TÓPICO
Cabeçalho tópico ou nome geográfico QUARENTENA
650 ## - ASSUNTO--TERMO TÓPICO
Cabeçalho tópico ou nome geográfico REGULAMENTAÇÃO
650 ## - ASSUNTO--TERMO TÓPICO
Cabeçalho tópico ou nome geográfico CONTROLE BIOLÓGICO
650 ## - ASSUNTO--TERMO TÓPICO
Cabeçalho tópico ou nome geográfico COOPERAÇÃO INTERNACIONAL
650 ## - ASSUNTO--TERMO TÓPICO
Cabeçalho tópico ou nome geográfico SÃO PAULO
909 ## -
-- 202312
-- Lúcia Elande
-- 55
-- Lúcia Elande
942 ## - ELEMENTOS DE ENTRADA ADICIONADOS (KOHA)
Fonte da classificação ou esquema de arquivamento na estante Classificação AGRIS
Ocultar no OPAC Não
Tipo de material Koha Monografia Seriada
Exemplares
Situação do descarte Fonte da classificação ou esquema de arquivamento na estante Situação física Não pode ser emprestado Coleção Biblioteca de origem Biblioteca atual Localização na estante Total de empréstimos Número de telefone completo Código de barras Data de último acesso Tipo de material Koha Fonte de aquisição
  Classificação AGRIS       Biblioteca Nacional de Agricultura - Binagri Biblioteca Nacional de Agricultura - Binagri Agrobase - Acervo Geral   4010 BR0404077 4010 BR0404077 18/12/2023 Monografia Seriada Portaria Interministerial nº 164/94

BINAGRI

Telefone: (61)3218-2567/2388/3357/2097 - binagri@agro.gov.br

Ministério da Agricultura e Pecuária , Esplanada dos Ministérios, Bloco D, Anexo B, Brasília/DF, CEP: 70.043-900